Female Rappers - Statistics

General Stats
  • This quiz has been taken 277 times
  • The average score is 10 of 27
Answer Stats
Song Where They're From Rapper % Correct
Good Form Queens, NY Nicki Minaj
93%
Press The Bronx, NY Cardi B
91%
Big Ole Freak Houston, TX Megan Thee Stallion
76%
Fancy Sydney, Australia Iggy Azalea
67%
Notorious KIM Brooklyn, NY Lil Kim
67%
Juicy Los Angeles, CA Doja Cat
61%
Act Up Miami, FL City Girls
59%
Work It Portsmouth, VA Missy Elliott
53%
ICY GRL Los Angeles, CA Saweetie
53%
Ex-Factor South Orange, NJ Lauryn Hill
47%
UNITY Newark, NJ Queen Latifah
35%
OOOUUU Brooklyn, NY Young MA
33%
Shether The Bronx, NY Remy Ma
29%
Juice Minneapolis, MN Lizzo
27%
Muwop Atlanta, GA Mulatto
27%
212 Harlem, NY Azealia Banks
25%
Get Me Home Brooklyn, NY Foxy Brown
21%
Pull Over Miami, FL Trina
17%
You Got Me Philadelphia, PA Eve
16%
Try Me Detroit, MI Dej Loaf
12%
Run Me My Money Detroit, MI Kash Doll
9%
Ruffneck Brooklyn, NY MC Lyte
9%
Loverboy Chicago, IL Da Brat
8%
Waterfalls Philadelphia, PA Lisa Lopez
7%
Mumbo Jumbo Philadelphia, PA Tierra Whack
7%
Afro Puffs Farmville, VA Lady of Rage
4%
Imperial Newark, NJ Rah Digga
2%
No matching quizzes found
Score Distribution
Percent of People with Each Score
Percentile by Number Answered
Your Score History
You have not taken this quiz